000
00460nam a2200133Ia 4500
008
100328s9999 xx 000 0 und d
082
_b
68223
100
_a
हडपडकर दिपिका.
245
_a
अपूर्ण मी तुझ्याविना.
260
_b
आमोद.
630
_a
अपूर्ण मी तुझ्याविना.
730
_a
अपूर्ण मी तुझ्याविना.
942
_c
BOOK
999
_c
553962
_d
553959